| 000 -LEADER |
| fixed length control field |
00393 a2200121 4500 |
| 008 - FIXED-LENGTH DATA ELEMENTS--GENERAL INFORMATION |
| fixed length control field |
240517b ||||| |||| 00| 0 eng d |
| 020 ## - INTERNATIONAL STANDARD BOOK NUMBER |
| International Standard Book Number |
978-3030664596 |
| 082 ## - DEWEY DECIMAL CLASSIFICATION NUMBER |
| Classification number |
711 |
| Item number |
OLI |
| 100 ## - MAIN ENTRY--PERSONAL NAME |
| Personal name |
Vitor Oliveira (Editor) |
| 245 ## - TITLE STATEMENT |
| Title |
Morphological Research in Planning, Urban Design and Architecture (The Urban Book Series) |
| 260 ## - PUBLICATION, DISTRIBUTION, ETC. (IMPRINT) |
| Name of publisher, distributor, etc |
Springer Nature Switzerland AG; 1st ed. |
| Date of publication, distribution, etc |
2021 |
| 942 ## - ADDED ENTRY ELEMENTS (KOHA) |
| Source of classification or shelving scheme |
|